00482nam a2200157 4500001000700000003000900007005001700016007000300033008004100036100002300077245011600100260004100216300002200257700002400279852002100303113300ES-MaACL20230906185834.0t|061121s1934 fr r ||||1| fre d1 aNyrop, Kristoffer.10aLinguistique et histoire des moeurs b: mélanges posthumes / cChristophe Nyrop ; traduction par E. Philipot. aParis : bLibrairie E. Droz, c1934. a295 p. ; c19 cm.1 aPhilipot, Emmanuel. aES-MaACLjA-3901